[Event "World Rapid Women 2017"]
[Site "Riyadh KSA"]
[Date "2017.12.28"]
[Round "14.32"]
[White "Gu, Xiaobing"]
[Black "Zatonskih, Anna"]
[Result "0-1"]
[WhiteTitle "WGM"]
[BlackTitle "IM"]
[WhiteElo "2332"]
[BlackElo "2452"]
[WhiteFideId "8602611"]
[BlackFideId "14101572"]
[EventDate "2017.12.26"]

1. e4 e5 2. Nf3 Nf6 3. Nc3 Nc6 4. d4 exd4 5. Nxd4 Bb4 6. Nxc6 bxc6 7. Bd3 d5 8.
exd5 cxd5 9. O-O O-O 10. h3 c6 11. Qf3 Bd6 12. Bf4 a5 13. b3 Re8 14. Rad1 Qc7
15. Bxd6 Qxd6 16. Na4 Be6 17. c4 Qa3 18. Bb1 dxc4 19. Nb6 Rab8 20. Nxc4 Bxc4 21.
bxc4 Qxf3 22. gxf3 Red8 23. c5 Kf8 24. Kg2 h6 25. Kg3 Nh5+ 26. Kg4 g6 27. h4 f5+
28. Kh3 Nf4+ 29. Kh2 Rxd1 30. Rxd1 Rb2 31. a3 Rb3 32. a4 Ke7 33. Kg3 Ne2+ 34.
Kg2 Rb2 35. Bd3 Nf4+ 36. Kg3 Nh5+ 37. Kg2 Rb4 38. Bf1 Nf4+ 39. Kg3 Nd5 40. Re1+
Kf6 41. Re8 Rxa4 42. Rf8+ Ke6 43. h5 gxh5 44. Rh8 h4+ 45. Kh2 Ke5 46. Rxh6 Nf6
47. Kh3 Rf4 48. Rh8 Rxf3+ 49. Kg2 Rc3 50. Rxh4 Rxc5 51. Bd3 Nd5 52. Bb1 Nf4+ 53.
Kg3 Rc3+ 54. f3 Rc1 55. Bxf5 Rg1+ 56. Kf2 Rg2+ 57. Ke3 Nd5+ 58. Kd3 Kxf5 59. Ra4
Rf2 60. Rxa5 Rxf3+ 61. Kd4 Ke6 62. Kc5 Rc3+ 63. Kd4 Rc1 64. Ra6 Kd6 65. Ke4 Rc4+
66. Kf5 Rf4+ 67. Kg5 Rf1 0-1

[Event "World Rapid Women 2017"]
[Site "Riyadh KSA"]
[Date "2017.12.28"]
[Round "14.33"]
[White "Zhukova, Natalia"]
[Black "Doluhanova, Evgeniya"]
[Result "1-0"]
[WhiteTitle "GM"]
[BlackTitle "WGM"]
[WhiteElo "2444"]
[BlackElo "2352"]
[WhiteFideId "14101513"]
[BlackFideId "14112035"]
[EventDate "2017.12.26"]

1. c4 e6 2. Nc3 Nf6 3. e4 d5 4. cxd5 exd5 5. e5 d4 6. exf6 dxc3 7. Bb5+ c6 8.
Qe2+ Be6 9. Bc4 Qxf6 10. dxc3 Nd7 11. Nf3 Bc5 12. Bg5 Qg6 13. Rd1 h6 14. Rxd7
hxg5 15. Bxe6 fxe6 16. Ne5 Qb1+ 17. Rd1 Qf5 18. O-O Rd8 19. Rxd8+ Kxd8 20. h3
Kc7 21. b4 Bd6 22. Nc4 Bf4 23. Re1 Rh6 24. Qe4 Qd5 25. a4 Qxe4 26. Rxe4 b5 27.
axb5 cxb5 28. Na3 a6 29. Nc2 Bd2 30. Nd4 Bxc3 31. Nxe6+ Kc6 32. Nxg5 Kd5 33. Rg4
a5 34. bxa5 b4 35. Ne4 Rc6 36. g3 Rc4 37. a6 Bd4 38. Nd2 Rc6 39. Nb3 Bc5 40.
Rg5+ Ke4 41. Nxc5+ 1-0

[Event "World Rapid Women 2017"]
[Site "Riyadh KSA"]
[Date "2017.12.28"]
[Round "14.34"]
[White "Badelka, Olga"]
[Black "Hoang, Thanh Trang"]
[Result "0-1"]
[WhiteTitle "WIM"]
[BlackTitle "GM"]
[WhiteElo "2388"]
[BlackElo "2439"]
[WhiteFideId "13509926"]
[BlackFideId "12400149"]
[EventDate "2017.12.26"]

1. d4 f5 2. c4 Nf6 3. Nf3 g6 4. b4 Bg7 5. Bb2 O-O 6. e3 e6 7. Nbd2 b6 8. Bd3 Bb7
9. Qc2 Qe7 10. a3 c5 11. O-O d6 12. Rfe1 Nbd7 13. Rab1 e5 14. dxe5 dxe5 15. e4
f4 16. Bc3 Nh5 17. Nb3 Bc6 18. bxc5 Nxc5 19. Nxc5 bxc5 20. Qe2 Bf6 21. Nd2 Rad8
22. Bc2 Rd7 23. Red1 Qe6 24. f3 Rg7 25. Nb3 Be7 26. Na5 Ba8 27. Ba4 Bd8 28. Rb8
Bb6 29. Rxf8+ Kxf8 30. Qd2 Nf6 31. Qd6+ Qxd6 32. Rxd6 Ke7 33. Bxe5 Bxa5 34. Rxf6
Bc7 35. Bc3 Ba5 36. Bb2 Rf7 37. Rxf7+ Kxf7 38. Be5 Bd2 39. Kf1 Bc1 40. Bc2 Bxa3
41. Bxf4 Bc6 42. Ke2 a5 43. Be5 Ke6 44. Bg7 a4 45. f4 Bc1 46. f5+ gxf5 47. exf5+
Kf7 48. Be5 a3 49. g4 Bg5 50. Bb3 Bf6 51. Bf4 Ba4 52. Ba2 Bc2 53. Be3 Bd4 54.
Bxd4 cxd4 55. Kd2 Be4 56. c5+ Kf6 57. h4 h6 58. c6 Bxc6 59. Kd3 Ke5 60. f6 Be4+
61. Kc4 Bd5+ 62. Kb4 Bxa2 63. Kxa3 Bf7 64. g5 hxg5 65. hxg5 d3 66. Kb2 Kd4 67.
Kc1 Ke3 0-1

[Event "World Rapid Women 2017"]
[Site "Riyadh KSA"]
[Date "2017.12.28"]
[Round "14.35"]
[White "Bulmaga, Irina"]
[Black "Cornette, Deimante"]
[Result "0-1"]
[WhiteTitle "IM"]
[BlackTitle "IM"]
[WhiteElo "2427"]
[BlackElo "2439"]
[WhiteFideId "13903063"]
[BlackFideId "12802859"]
[EventDate "2017.12.26"]

1. e4 Nf6 2. e5 Nd5 3. d4 d6 4. Nf3 dxe5 5. Nxe5 c6 6. Bc4 Nd7 7. O-O Nxe5 8.
dxe5 Bf5 9. Qe2 e6 10. Rd1 Qh4 11. Bxd5 exd5 12. Be3 Qe4 13. Nc3 Qxe5 14. Re1
Bd6 15. Qh5 Be6 16. Qh4 Be7 17. Qa4 Qh5 18. Ne2 O-O 19. Nf4 Qh4 20. Qa5 Bd6 21.
g3 Qg4 22. Qd2 Bf5 23. c3 Be4 24. Bd4 Qf3 25. Rxe4 Qxe4 26. Re1 Bxf4 27. gxf4
Qg6+ 28. Kh1 Rfe8 29. f3 Rxe1+ 30. Qxe1 Qe6 31. Qg1 f6 32. Bxa7 Qe2 33. Qg2
Qxg2+ 0-1

[Event "World Rapid Women 2017"]
[Site "Riyadh KSA"]
[Date "2017.12.28"]
[Round "14.36"]
[White "Fierro Baquero, Martha L."]
[Black "Arakhamia-Grant, Ketevan"]
[Result "1-0"]
[WhiteTitle "IM"]
[BlackTitle "GM"]
[WhiteElo "2369"]
[BlackElo "2350"]
[WhiteFideId "3600270"]
[BlackFideId "13600168"]
[EventDate "2017.12.26"]

1. c4 g6 2. g3 Bg7 3. Bg2 e5 4. Nc3 f5 5. d3 Nf6 6. Nf3 d6 7. O-O O-O 8. Rb1 a5
9. a3 Nc6 10. b4 axb4 11. axb4 Nh5 12. Bg5 Qd7 13. Nd5 h6 14. b5 Nd8 15. b6 c6
16. Nc7 Ra2 17. Bd2 Ne6 18. Qb3 Rxd2 19. Nxd2 Nxc7 20. bxc7 Qxc7 21. c5+ d5 22.
e4 Nf6 23. exd5 cxd5 24. Bxd5+ Nxd5 25. Qxd5+ Kh7 26. Nc4 Rd8 27. Nd6 Qd7 28.
Qf3 Qc7 29. Rfc1 Rd7 30. Rc4 Bf8 31. Nxc8 Qxc8 32. Rcb4 Qxc5 33. Rxb7 Rxb7 34.
Qxb7+ Bg7 35. Qd7 e4 36. Rb7 Qe5 37. d4 Qf6 38. h4 g5 39. h5 f4 40. Qd5 e3 41.
Qe4+ Kg8 42. Rb8+ Bf8 43. fxe3 fxe3 44. Qxe3 Qc6 45. Qf2 Qd6 46. Qxf8+ Qxf8 47.
Rxf8+ Kxf8 48. Kf2 Ke7 49. Ke3 Ke6 50. Ke4 g4 51. Kf4 Kd5 52. Kxg4 Ke4 53. d5
Kxd5 54. Kf5 1-0

[Event "World Rapid Women 2017"]
[Site "Riyadh KSA"]
[Date "2017.12.28"]
[Round "14.37"]
[White "Galojan, Lilit"]
[Black "Mamedjarova, Zeinab"]
[Result "0-1"]
[WhiteTitle "IM"]
[BlackTitle "WGM"]
[WhiteElo "2300"]
[BlackElo "2363"]
[WhiteFideId "13301314"]
[BlackFideId "13401521"]
[EventDate "2017.12.26"]

1. c4 e5 2. Nc3 Nf6 3. Nf3 d6 4. g3 Be7 5. Bg2 O-O 6. d4 Nbd7 7. O-O c6 8. e4
Qc7 9. h3 Re8 10. Re1 a5 11. Be3 Bf8 12. Nd2 g6 13. d5 Bg7 14. Rc1 Rf8 15. Nf1
Ne8 16. f4 exf4 17. gxf4 c5 18. Ng3 a4 19. Qd2 Nb6 20. Nb5 Qd7 21. Na3 Qc7 22.
Nb5 Qd7 23. Na3 Qc7 24. Bf2 Bd7 25. Re2 h5 26. Rce1 Bh6 27. Be3 h4 28. Nh1 Nf6
29. f5 Bxe3+ 30. Qxe3 Nh5 31. Bf3 Ng7 32. Rg2 Rae8 33. f6 Nf5 34. Qh6 Nxh6 0-1

[Event "World Rapid Women 2017"]
[Site "Riyadh KSA"]
[Date "2017.12.28"]
[Round "14.38"]
[White "Papp, Petra"]
[Black "Sukandar, Irine Kharisma"]
[Result "1-0"]
[WhiteTitle "WGM"]
[BlackTitle "IM"]
[WhiteElo "2313"]
[BlackElo "2384"]
[WhiteFideId "739049"]
[BlackFideId "7101937"]
[EventDate "2017.12.26"]

1. e4 e5 2. Nf3 Nc6 3. Bb5 a6 4. Ba4 Nf6 5. O-O b5 6. Bb3 Bc5 7. a4 b4 8. Nxe5
Nxe5 9. d4 d6 10. dxc5 dxc5 11. Qxd8+ Kxd8 12. f4 Nc6 13. e5 Nd7 14. Bxf7 Nd4
15. Rf2 Rf8 16. Bd5 Rb8 17. Be4 Nb6 18. a5 Nd7 19. Bxh7 Bb7 20. Be3 Ke7 21. Nd2
g5 22. f5 Nxe5 23. c3 Ng4 24. Bxg5+ Kd7 25. cxd4 Nxf2 26. Kxf2 cxd4 27. f6 Rbe8
28. Bf5+ Kd6 29. h4 c5 30. g4 Bd5 31. b3 Kc6 32. Rc1 Kb5 33. Bd7+ Bc6 34. Bxe8 1-0

[Event "World Rapid Women 2017"]
[Site "Riyadh KSA"]
[Date "2017.12.28"]
[Round "14.39"]
[White "Belenkaya, Dina"]
[Black "Zawadzka, Jolanta"]
[Result "1/2-1/2"]
[WhiteTitle "WGM"]
[BlackTitle "WGM"]
[WhiteElo "2303"]
[BlackElo "2424"]
[WhiteFideId "24142654"]
[BlackFideId "1122320"]
[EventDate "2017.12.26"]

1. e4 c5 2. Nf3 e6 3. g3 Nc6 4. Bg2 g6 5. O-O Bg7 6. c3 Nge7 7. d4 cxd4 8. cxd4
d5 9. e5 O-O 10. Nc3 b6 11. Bf4 Ba6 12. Re1 Qd7 13. Qd2 Rfc8 14. Bg5 Rc7 15. Bf6
Rac8 16. h4 Na5 17. Qg5 Nf5 18. g4 Bh6 19. gxf5 Bxg5 20. fxe6 fxe6 21. Nxg5 Re8
22. Bh3 Bd3 23. Re3 Bf5 24. Bxf5 exf5 25. e6 Qc6 26. Re5 Nc4 27. Rxd5 Nxb2 28.
Nb5 Rb7 29. Nd6 Qxd5 30. Nxe8 Qc6 31. d5 Qxe8 32. Bxb2 Qb5 33. Bf6 Qxd5 34. Rc1
Rb8 35. Rc7 Qd1+ 36. Kg2 Qg4+ 37. Kf1 Qd1+ 38. Kg2 Qg4+ 39. Kf1 Qd1+ 40. Kg2
Qg4+ 1/2-1/2

[Event "World Rapid Women 2017"]
[Site "Riyadh KSA"]
[Date "2017.12.28"]
[Round "14.40"]
[White "Kovanova, Baira"]
[Black "Charkhalashvili, Inga"]
[Result "0-1"]
[WhiteTitle "WGM"]
[BlackTitle "WGM"]
[WhiteElo "2367"]
[BlackElo "2355"]
[WhiteFideId "4164083"]
[BlackFideId "13601431"]
[EventDate "2017.12.26"]

1. Nf3 Nf6 2. g3 c5 3. Bg2 Nc6 4. d3 d6 5. O-O g6 6. e4 Bg7 7. c3 O-O 8. h3 c4
9. Re1 cxd3 10. Qxd3 Nd7 11. Qc2 a5 12. Na3 Nc5 13. Be3 b6 14. Rad1 Qc7 15. Nb5
Qb8 16. Bg5 Ne6 17. Be3 Nc5 18. Nbd4 Bb7 19. Bg5 Re8 20. Qd2 Ne5 21. Nxe5 dxe5
22. Nc2 Qc7 23. Na3 Ba6 24. c4 Rad8 25. Qc2 Ne6 26. Be3 Nd4 27. Bxd4 exd4 28.
Qd3 e5 29. Qb3 Rc8 30. Bf1 Qc5 31. Bd3 h5 32. h4 Rb8 33. Nb5 Bc8 34. Qa3 Bg4 35.
Qxc5 bxc5 36. Be2 Bd7 37. Bd3 Rec8 38. a4 Rb6 39. f3 Bh6 40. Kg2 Kg7 41. Rf1 f5
42. Rde1 f4 43. Rh1 fxg3 44. Kxg3 Bf4+ 45. Kf2 Kh6 46. Ke2 g5 47. hxg5+ Bxg5 48.
Reg1 h4 49. Kd1 Rf8 50. Be2 d3 51. Bxd3 Rxf3 52. Kc2 h3 53. Rd1 Rf2+ 54. Kb1 Bg4
55. Rdg1 Kh5 56. Bc2 h2 57. Bd1 Bxd1 58. Rxd1 Bf4 59. Ka2 Rg2 60. Rd3 Kg4 61.
Rd8 Kf3 62. Rh8 Kxe4 63. Rh4 Kf5 64. Rf1 Kg5 65. Rh8 Rh6 66. Rg8+ Rg6 67. Rh8
Kg4 68. Nc3 Bh6 69. Rh1 Kh3 70. Rd8 Rg1 71. Rd3+ Kg2 0-1

[Event "World Rapid Women 2017"]
[Site "Riyadh KSA"]
[Date "2017.12.28"]
[Round "14.41"]
[White "Sedina, Elena"]
[Black "Nguyen, Thi Mai Hung"]
[Result "0-1"]
[WhiteTitle "IM"]
[BlackTitle "WGM"]
[WhiteElo "2312"]
[BlackElo "2321"]
[WhiteFideId "812153"]
[BlackFideId "12401676"]
[EventDate "2017.12.26"]

1. e4 e6 2. d4 d5 3. e5 c5 4. c3 Nc6 5. Nf3 Qb6 6. a3 c4 7. Nbd2 Na5 8. Be2 Bd7
9. Rb1 Ne7 10. b4 cxb3 11. Nxb3 Nec6 12. O-O Nxb3 13. Rxb3 Qc7 14. c4 Na5 15.
cxd5 Nxb3 16. Qxb3 exd5 17. Qxd5 Be7 18. Ng5 Bxg5 19. Bxg5 O-O 20. Qe4 Qc6 21.
Qh4 Bf5 22. Bf3 Qd7 23. Be7 Rfe8 24. Bd6 Rac8 25. Qf4 b6 26. g4 Bg6 27. h4 h6
28. h5 Bc2 29. Kg2 Rc3 30. d5 Rec8 31. Re1 R8c4 32. Qg3 Be4 33. e6 fxe6 34. dxe6
Qxe6 35. Rxe4 Rxe4 36. Bb4 Rb3 37. Qb8+ Kh7 38. Bxe4+ Qxe4+ 39. Kh2 Qxg4 40. Qe5
Rh3# 0-1

[Event "World Rapid Women 2017"]
[Site "Riyadh KSA"]
[Date "2017.12.28"]
[Round "14.42"]
[White "Bivol, Alina"]
[Black "Gevorgyan, Maria"]
[Result "0-1"]
[WhiteTitle "WGM"]
[BlackTitle "WIM"]
[WhiteElo "2356"]
[BlackElo "2275"]
[WhiteFideId "4100123"]
[BlackFideId "13300270"]
[EventDate "2017.12.26"]

1. Nf3 Nf6 2. g3 e6 3. Bg2 Be7 4. c4 d5 5. O-O O-O 6. d4 dxc4 7. Nbd2 b5 8. a4
c6 9. e4 Bb7 10. Qe2 a6 11. Rd1 Nbd7 12. Nf1 c5 13. axb5 axb5 14. Rxa8 Qxa8 15.
d5 exd5 16. exd5 Re8 17. Ne3 Nxd5 18. Nxd5 Bxd5 19. Ne1 Bxg2 20. Nxg2 Bf6 21.
Be3 Ne5 22. Ne1 Qc6 23. h3 h6 24. Qh5 b4 25. Qf5 b3 26. Rc1 g6 27. Qb1 Kg7 28.
Rd1 Nf3+ 29. Nxf3 Qxf3 30. Qc1 Rxe3 31. fxe3 Qxg3+ 32. Kf1 Qxh3+ 33. Kg1 Qg3+
34. Kf1 Qf3+ 35. Kg1 Qe2 36. Rf1 Bxb2 37. Qb1 Qxe3+ 38. Kg2 Be5 39. Rf3 Qe2+ 40.
Rf2 Qg4+ 41. Kh1 Qh3+ 42. Kg1 Qd3 43. Qe1 Bd4 44. Kg2 Bxf2 45. Qe5+ Kh7 46. Qf6
Qd5+ 0-1

[Event "World Rapid Women 2017"]
[Site "Riyadh KSA"]
[Date "2017.12.28"]
[Round "14.43"]
[White "Ambartsumova, Karina"]
[Black "Gara, Anita"]
[Result "1/2-1/2"]
[WhiteTitle "WGM"]
[BlackTitle "IM"]
[WhiteElo "2359"]
[BlackElo "2367"]
[WhiteFideId "4166299"]
[BlackFideId "709751"]
[EventDate "2017.12.26"]

1. d4 d6 2. e4 Nf6 3. Nc3 e5 4. Nf3 Nbd7 5. Bc4 Be7 6. O-O O-O 7. Re1 a6 8. a4
b6 9. b3 Bb7 10. Bb2 c6 11. Bd3 Qc7 12. Ne2 Rfe8 13. Ng3 Bf8 14. Qd2 Rad8 15.
Rad1 g6 16. h3 Bg7 17. dxe5 dxe5 18. Bf1 Nc5 19. Qe3 Nfd7 20. Rd2 Nf8 21. Red1
Rxd2 22. Rxd2 Nfe6 23. Rd1 b5 24. Ba3 Bf8 25. Bb2 Bg7 26. Ba3 Bf8 27. Bb2 Nd7
28. Qc3 Bg7 29. axb5 axb5 30. Bxb5 Nd4 31. Bc4 Nb6 32. Nxd4 exd4 33. Qd3 c5 34.
Bc1 Be5 35. f4 Nxc4 36. Qxc4 Bxf4 37. Bxf4 Qxf4 38. Rf1 Qe3+ 39. Kh2 Rf8 40.
Qxc5 h5 41. Rf3 Qh6 42. Qxd4 h4 43. Ne2 Qg5 44. Nc3 Rd8 45. Qf6 Qxf6 46. Rxf6
Rd2 47. Rb6 Rxc2 48. Nd5 Bxd5 49. exd5 Kf8 50. d6 Ke8 51. Rb7 Rd2 52. d7+ Kd8
53. Kg1 Rb2 54. Kf1 Ra2 55. Rb4 Kxd7 56. Rxh4 Rb2 57. b4 Ke6 58. Kg1 g5 59. Rc4
f5 60. h4 gxh4 61. Rxh4 Ke5 62. Rc4 Kd5 63. Rf4 Ke5 64. Rc4 Kd5 65. Rc5+ Ke4 66.
b5 f4 67. Kf1 Rb1+ 68. Kf2 Rb2+ 69. Kg1 Rb1+ 70. Kh2 f3 71. gxf3+ Kxf3 1/2-1/2

[Event "World Rapid Women 2017"]
[Site "Riyadh KSA"]
[Date "2017.12.28"]
[Round "14.44"]
[White "Nakhbayeva, Guliskhan"]
[Black "Khukhashvili, Sopiko"]
[Result "0-1"]
[WhiteTitle "WGM"]
[BlackTitle "IM"]
[WhiteElo "2314"]
[BlackElo "2312"]
[WhiteFideId "13704788"]
[BlackFideId "13602055"]
[EventDate "2017.12.26"]

1. d4 Nf6 2. c4 e6 3. Nc3 Bb4 4. e3 O-O 5. Bd3 d6 6. Ne2 e5 7. O-O Nc6 8. Na4 e4
9. Bc2 d5 10. c5 b5 11. a3 bxa4 12. axb4 Nxb4 13. Bxa4 Rb8 14. Nf4 Bg4 15. Qd2
a5 16. h3 Bc8 17. Bd1 Ba6 18. Be2 Bxe2 19. Qxe2 c6 20. Bd2 Rb5 21. Bc3 g6 22.
Qd2 g5 23. Ne2 g4 24. Nf4 gxh3 25. gxh3 h6 26. Kh2 Nh7 27. Rg1+ Kh8 28. Qe2 Qh4
29. Rg4 Qf6 30. f3 Ng5 31. fxe4 Nxe4 32. Rf1 Qf5 33. Be1 Ng5 34. h4 f6 35. hxg5
hxg5 36. Nh3 Qc2 37. Qxc2 Nxc2 38. Rxg5 fxg5 39. Rxf8+ Kg7 40. Rf1 Nxe3 41. Rg1
Rxb2+ 42. Kg3 a4 43. Kf3 Rb3 44. Nxg5 Kf6 45. Bd2 Nc2+ 46. Kf2 a3 47. Nf3 a2 48.
Bg5+ Ke6 49. Bf4 Rb1 50. Rg6+ Kf5 51. Be5 Kxg6 0-1

[Event "World Rapid Women 2017"]
[Site "Riyadh KSA"]
[Date "2017.12.28"]
[Round "15.2"]
[White "Dzagnidze, Nana"]
[Black "Lei, Tingjie"]
[Result "1/2-1/2"]
[WhiteTitle "GM"]
[BlackTitle "GM"]
[WhiteElo "2522"]
[BlackElo "2528"]
[WhiteFideId "13601903"]
[BlackFideId "8605114"]
[EventDate "2017.12.26"]

1. c4 c6 2. Nf3 Nf6 3. b3 d5 4. Bb2 e6 5. g3 Nbd7 6. Bg2 Bd6 7. O-O O-O 8. Nc3
a6 9. d3 Re8 10. e4 dxe4 11. Nxe4 Nxe4 12. dxe4 Qc7 13. Qc2 e5 14. Rad1 a5 15.
Nh4 Nc5 16. Nf5 Bf8 17. f4 exf4 18. Rxf4 f6 19. Kh1 Be6 20. Rh4 Rad8 21. Rf1 Nd3
22. Ba1 Ne5 23. Nd4 Bf7 24. Rhf4 Qb6 25. Nf3 Nxf3 26. R4xf3 Bg6 27. R3f2 Bc5 28.
Re2 Bd4 29. Bc3 Qc5 30. Rfe1 Qe5 31. Bd2 Re7 32. Bf4 Qc5 33. Bf3 Rde8 34. Kg2 h6
35. Qd2 Bh7 36. Be3 Rd7 37. Bxd4 Rxd4 38. Qc3 Qe5 39. c5 a4 40. bxa4 Kh8 41. Rb1
Rxa4 42. Qxe5 Rxe5 43. Rxb7 Bg8 44. Rb8 Kh7 45. Bg4 Be6 46. Bxe6 Rxe6 47. Rd8
Re5 48. Rc2 Raxe4 49. Rd6 Re2+ 50. Rxe2 Rxe2+ 51. Kg1 1/2-1/2

[Event "World Rapid Women 2017"]
[Site "Riyadh KSA"]
[Date "2017.12.28"]
[Round "15.5"]
[White "Harika, Dronavalli"]
[Black "Fataliyeva, Ulviyya"]
[Result "0-1"]
[WhiteTitle "GM"]
[BlackTitle "WGM"]
[WhiteElo "2504"]
[BlackElo "2384"]
[WhiteFideId "5015197"]
[BlackFideId "13403052"]
[EventDate "2017.12.26"]

1. e4 e6 2. d4 d5 3. Bd3 c5 4. exd5 exd5 5. Nf3 Nc6 6. O-O cxd4 7. Re1+ Be7 8.
Bb5 Bg4 9. Qxd4 Nf6 10. Ne5 Bd7 11. Bxc6 bxc6 12. Bg5 O-O 13. Nxd7 Qxd7 14. Nd2
h6 15. Bh4 c5 16. Qd3 Rab8 17. b3 Rb4 18. c4 Rd8 19. Rad1 Qg4 20. Qg3 Qh5 21.
Bxf6 Bxf6 22. Qf3 Qg5 23. g3 Bd4 24. h4 Qg6 25. cxd5 Rb6 26. Ne4 Rxd5 27. Kg2
Rf5 28. Qd3 Re6 29. f3 Rfe5 30. Qc4 Kh7 31. Qc2 f5 32. h5 Qxh5 33. g4 Qg6 34.
Ng3 Rxe1 35. Rxe1 Rxe1 36. gxf5 Rg1+ 0-1

[Event "World Rapid Women 2017"]
[Site "Riyadh KSA"]
[Date "2017.12.28"]
[Round "15.6"]
[White "Shuvalova, Polina"]
[Black "Goryachkina, Aleksandra"]
[Result "1/2-1/2"]
[WhiteTitle "WIM"]
[BlackTitle "WGM"]
[WhiteElo "2385"]
[BlackElo "2486"]
[WhiteFideId "24171760"]
[BlackFideId "4147103"]
[EventDate "2017.12.26"]

1. e4 Nf6 2. e5 Nd5 3. d4 d6 4. Nf3 Bf5 5. Be2 e6 6. O-O dxe5 7. Nxe5 Bd6 8. a3
h6 9. c4 Nf6 10. Nc3 Nbd7 11. Bf4 Bxe5 12. dxe5 Ne4 13. Nxe4 Bxe4 14. Qd4 Bc6
15. b4 Nf8 16. Qc3 Ng6 17. Rfd1 Qe7 18. Be3 b6 19. b5 Bb7 20. Bf1 O-O 21. c5 Bd5
22. a4 Rfd8 23. f3 bxc5 24. Bxc5 Qg5 25. Bd4 Nf4 26. Qe3 Bc4 27. g3 Bxf1 28.
Kxf1 Nd5 29. Qxg5 hxg5 30. a5 a6 31. b6 Rdb8 32. Rab1 Rb7 33. Rdc1 cxb6 34. axb6
a5 35. Ke2 1/2-1/2

[Event "World Rapid Women 2017"]
[Site "Riyadh KSA"]
[Date "2017.12.28"]
[Round "15.7"]
[White "Pham, Le Thao Nguyen"]
[Black "Mamedjarova, Turkan"]
[Result "1-0"]
[WhiteTitle "IM"]
[BlackTitle "WGM"]
[WhiteElo "2354"]
[BlackElo "2260"]
[WhiteFideId "12401226"]
[BlackFideId "13402005"]
[EventDate "2017.12.26"]

1. d4 d5 2. Nf3 Nf6 3. Bf4 e6 4. e3 Bd6 5. Bg3 O-O 6. Nbd2 c5 7. c3 Nc6 8. Bd3
Qe7 9. Ne5 Qc7 10. f4 c4 11. Bc2 b5 12. a3 a5 13. O-O Bb7 14. Bh4 Be7 15. Rf3
Nxe5 16. fxe5 Ne4 17. Bxe7 Qxe7 18. Nxe4 dxe4 19. Rf4 f5 20. exf6 Rxf6 21. Bxe4
Bxe4 22. Rxe4 Raf8 23. Rf4 Rxf4 24. exf4 Rxf4 25. Qe2 a4 26. Re1 Rf6 27. Qe5 Qb7
28. h3 h6 29. Qg3 Kh7 30. Re5 Rg6 31. Qf2 Rf6 32. Qe2 Qb6 33. Qe4+ Kg8 34. Rc5
Qd6 35. Qe5 Qf8 36. Rxb5 Rf1+ 37. Kh2 Qf7 38. Rb6 Kh7 39. Rxe6 Rf2 40. Qe4+ Rf5
41. d5 Qf8 42. d6 g6 43. Re7+ Kh8 44. Re8 1-0

[Event "World Rapid Women 2017"]
[Site "Riyadh KSA"]
[Date "2017.12.28"]
[Round "15.8"]
[White "Padmini, Rout"]
[Black "Lagno, Kateryna"]
[Result "1/2-1/2"]
[WhiteTitle "IM"]
[BlackTitle "GM"]
[WhiteElo "2324"]
[BlackElo "2547"]
[WhiteFideId "5029295"]
[BlackFideId "14109336"]
[EventDate "2017.12.26"]

1. e4 c5 2. Nf3 d6 3. d4 cxd4 4. Nxd4 Nf6 5. Nc3 Nc6 6. Bg5 e6 7. Qd2 Be7 8.
O-O-O a6 9. f4 Bd7 10. Nf3 b5 11. e5 b4 12. exf6 bxc3 13. Qxc3 gxf6 14. Bh4 a5
15. Bb5 Rc8 16. Bxc6 Bxc6 17. Qe3 Qc7 18. Rd2 Qb7 19. Re1 a4 20. Nd4 Rb8 21. c3
Bd5 22. a3 Rg8 23. g3 Bc4 24. Qe4 Qxe4 25. Rxe4 Bd5 26. Re1 Ba8 27. Rde2 Kd7 28.
Nf5 Bd8 29. Ne3 Be4 30. f5 d5 31. Rd2 Kc6 32. fxe6 fxe6 33. Nc2 f5 34. Bxd8
Rbxd8 35. Rd4 Ra8 36. Rb4 Rgb8 37. c4 Rxb4 38. Nxb4+ Kd6 39. cxd5 exd5 40. Kd2
h5 41. Rc1 d4 42. Rc4 Ke5 43. Nd3+ Kd5 44. Rb4 h4 45. Nf4+ Ke5 46. Ng6+ Kf6 47.
Nxh4 d3 48. Rb6+ Kg5 49. Ng6 Kg4 50. Ne5+ Kh3 51. Rh6+ Kg2 52. Ke3 Rb8 53. Nc4
Kf1 54. Rd6 Kg2 55. Nd2 Re8 56. Nxe4 fxe4 57. g4 Kxh2 58. g5 Kg3 59. g6 Kg4 60.
g7 Kf5 61. Rh6 Rg8 62. Rh5+ Ke6 63. Rg5 Kf6 64. Rg4 Rxg7 65. Rxe4 Rg2 66. Rxa4
Rxb2 67. Kxd3 Ke5 68. Kc3 Rb1 69. Rh4 Kd5 70. a4 Kc6 71. Rh5 Kb6 72. Kc4 Rc1+
73. Kb4 Rb1+ 74. Kc4 Rc1+ 75. Kb4 1/2-1/2

[Event "World Rapid Women 2017"]
[Site "Riyadh KSA"]
[Date "2017.12.28"]
[Round "15.9"]
[White "Danielian, Elina"]
[Black "Cramling, Pia"]
[Result "1-0"]
[WhiteTitle "GM"]
[BlackTitle "GM"]
[WhiteElo "2413"]
[BlackElo "2450"]
[WhiteFideId "13300210"]
[BlackFideId "1700030"]
[EventDate "2017.12.26"]

1. Nf3 d5 2. e3 g6 3. c4 e6 4. Nc3 Bg7 5. b3 Ne7 6. Ba3 Nbc6 7. d4 O-O 8. Rc1
Re8 9. Be2 Nf5 10. O-O Nce7 11. Qc2 c6 12. Rfd1 h5 13. e4 dxe4 14. Nxe4 Bd7 15.
h3 h4 16. Qd2 Nc8 17. Qf4 a5 18. Bb2 a4 19. b4 b5 20. cxb5 cxb5 21. Ne5 Nb6 22.
Nc5 a3 23. Bc3 Nd5 24. Qg4 Bc8 25. Bxb5 Rf8 26. Bc6 Ra7 27. b5 Nxc3 28. Rxc3 Qa5
29. Rb3 Re7 30. Bf3 Bxe5 31. dxe5 Qc7 32. Qb4 Qxe5 33. b6 Nd6 34. Nd3 1-0

[Event "World Rapid Women 2017"]
[Site "Riyadh KSA"]
[Date "2017.12.28"]
[Round "15.12"]
[White "Vijayalakshmi, Subbaraman"]
[Black "Gunina, Valentina"]
[Result "0-1"]
[WhiteTitle "IM"]
[BlackTitle "GM"]
[WhiteElo "2357"]
[BlackElo "2510"]
[WhiteFideId "5004098"]
[BlackFideId "4167570"]
[EventDate "2017.12.26"]

1. Nf3 Nf6 2. g3 d5 3. Bg2 c6 4. O-O Bg4 5. h3 Bxf3 6. exf3 e6 7. d4 Bd6 8. f4
O-O 9. Nd2 Nbd7 10. Nf3 Ne4 11. Ne5 f5 12. Qe2 c5 13. Nxd7 Qxd7 14. dxc5 Bxc5
15. Be3 d4 16. Rad1 Rad8 17. Bxe4 fxe4 18. Bxd4 Bxd4 19. c3 e5 20. cxd4 exf4 21.
Qxe4 Qxh3 22. Qg2 Qg4 23. gxf4 Qxf4 24. Rd3 Rxd4 25. Rxd4 Qxd4 26. Qxb7 h5 27.
Qb3+ Kh8 28. Qc3 Qd5 29. Qb3 Qe4 30. Qe3 Qf5 31. Rc1 Rf6 32. Rc5 Rg6+ 33. Kh2
Qg4 34. Qg3 Qe2 35. Qh4 Rf6 36. Rxh5+ Kg8 37. Rh8+ Kf7 38. Qh5+ Qxh5+ 39. Rxh5
Rxf2+ 40. Kg3 Rxb2 41. Ra5 Rb7 42. Ra6 Ke7 43. Rg6 Kd8 44. Ra6 Kc8 45. Kf4 Re7
46. Kf5 Kb7 47. Ra3 Kb6 48. Rb3+ Ka5 49. Rg3 Ka4 50. Kf4 a5 51. Kf5 Kb4 52. Rb3+
Kc4 53. Ra3 Kb4 54. Rb3+ Ka4 55. Rg3 Re2 56. Rxg7 Ka3 57. Kf4 a4 58. Ra7 Re8 59.
Kf3 Re5 60. Kf2 Re4 61. Kf3 Rb4 62. Ke3 Kxa2 63. Kd3 Kb2 64. Rh7 a3 65. Rh2+ Kb3
66. Rc2 Rd4+ 67. Kxd4 0-1